Matrix methods of structural Analysis (Record no. 549589)
[ view plain ]
| 000 -LEADER | |
|---|---|
| fixed length control field | 00434nam a22001457a 4500 |
| 082 ## - DEWEY DECIMAL CLASSIFICATION NUMBER | |
| Classification number | 624.1701512943 |
| Author Mark | KAN |
| -- | L-N, P-02 |
| 100 ## - MAIN ENTRY--PERSONAL NAME | |
| Personal name | Kanchi, madhu .b. |
| 9 (RLIN) | 46231 |
| 245 ## - TITLE STATEMENT | |
| Title | Matrix methods of structural Analysis |
| Remainder of title | Madhu b. kanchi |
| 250 ## - EDITION STATEMENT | |
| Edition statement | 2nd ed. |
| 260 ## - PUBLICATION, DISTRIBUTION, ETC. | |
| Place of publication, distribution, etc. | New york. |
| Name of publisher, distributor, etc. | John wiley & sons. |
| Date of publication, distribution, etc. | c1993. |
| 300 ## - PHYSICAL DESCRIPTION | |
| Extent | xii, 561 p. |
| Other physical details | ill. |
| Dimensions | 36 cm. |
| 526 ## - STUDY PROGRAM INFORMATION NOTE | |
| Program name | 0 |
| Interest level | 0 |
| Reading level | 0 |
| Title point value | 624_170151294300000_KAN |
| 650 ## - SUBJECT ADDED ENTRY--TOPICAL TERM | |
| Topical term or geographic name entry element | MCE |
| 9 (RLIN) | 379 |
| 942 ## - ADDED ENTRY ELEMENTS (KOHA) | |
| Source of classification or shelving scheme | |
| Koha item type | Book |
| Withdrawn status | Lost status | Source of classification or shelving scheme | Damaged status | Not for loan | Permanent Location | Current Location | Date acquired | Total Checkouts | Full call number | Barcode | Date last seen | Price effective from | Koha item type |
|---|---|---|---|---|---|---|---|---|---|---|---|---|---|
| Military College of Engineering (MCE) | Military College of Engineering (MCE) | 09/30/2014 | 624.1701512943 KAN | MCE-43821 | 09/30/2014 | 09/30/2014 | Book |
